Statystyki dla Państwa według herbów i godeł #2

Kliknij tutaj aby rozwiązać quiz!

Ogólne statystyki

  • Ten quiz został rozwiązany 6 457 razy
  • Średni wynik to 8 z 15

Statystyki odpowiedzi

Odpowiedź% Poprawnych
Meksyk
93%
Egipt
91%
Argentyna
78%
Australia
78%
Watykan
78%
Rosja
74%
Wielka Brytania
56%
Japonia
53%
Peru
49%
Haiti
45%
Bhutan
38%
Tajlandia
38%
Arabia Saudyjska
36%
Botswana
20%
Demokratyczna Republika Konga
20%

Rozkład punktacji

Percentyl według liczby udzielonych odpowiedzi

Procent ludzi z każdym wynikiem

Twoja historia wyników

Nie rozwiązałeś tego quizu